| 000 | 03312nam a22003257a 4500 | ||
|---|---|---|---|
| 003 | OSt | ||
| 005 | 20250815110712.0 | ||
| 007 | cr ||||||a|c|a | ||
| 008 | 240903s2023 mx ad||fom||| 001 0 spa d | ||
| 040 | _erda | ||
| 100 | 1 |
_aPérez Ramírez, Mireya _9189538 |
|
| 245 | 1 |
_aResistencia de Brassica rapa y Biden pilosa a herbicidas auxinicos y silfonilureas en Hueyotlipa, Tlaxcala / _cpor Mireya Pérez Ramírez; presidente J. Antonio Tafoya Razo; secretario Calixto Leopoldo Carrillo Fonseca; vocal Candelario Santillan Ortega; suplente Manuel Orrantia Orrantia; suplente Oscar morales Galván |
|
| 264 | 1 |
_aChapingo, México : _bEl autor, _c2023. |
|
| 300 |
_a1 recurso en línea (69 páginas): _bIlustraciones, cuadros, gráficas |
||
| 336 |
_2rdacontent _atexto _btxt |
||
| 337 |
_2rdamedia _acomputadora _bc |
||
| 338 |
_2rdacarrier _arecurso en línea _bcr |
||
| 502 |
_bIAEPA _cParasitología _d2023 _gLIC |
||
| 504 | _aIncluye referencias bibliográficas: páginas 65-69 | ||
| 520 | _aBrassica rapa y Bidens pilosa son malezas muy comunes en las zonas templadas y cálidas de México y se presentan reportes de importancia significativa en muchas partes del mundo, por lo que el presente trabajo se realizó con la finalidad de determinar la resistencia con las dos poblaciones de malezas resistentes, provenientes de la región de Hueyotlipan Tlaxcala, a los herbicidas Prosulfuron y 2,4-D y un biotipo de una población con susceptibilidad comprobada de ambas especies, se utilizaron 8 tratamientos para cada herbicida, 0, 1.069, 2.138, 4.275, 8.55, 17.1, 34.2, 68.4 g de i.a/ha, para Prosulfuron y 0, 30, 60, 120, 240, 480, 960, 1920 g de i.a/ha, para 2,4-D, la aplicación de los herbicidas se realizó en la post emergencia cuando las plantas tenían de 3 a 5 hojas verdaderas, se utilizó un diseño con bloques completamente al azar con 5 bloques, cada unidad experimental consistió en una maceta de 2 L., en la cual se establecieron 5 plantas por maceta, la evaluación de reducción de peso fresco en las plantas se realizó 30 días después de las aplicaciones, se realizaron un ANDEVA y se ajustaron al modelo de regresión log-logístico utilizando el programa estadístico Sigma plot, con un intervalo de confianza del 95%, los resultados muestran que existe resistencia considerando como resistente cuando el índice es igual o superior a 2.0. Se obtuvo un IR en Bidens pilosa para el herbicida 2,4-D de 2.7 mientras que para el herbicida Prosulfuron un valor de 2.9. para el caso de Brassica rapa para el herbicida 2,4-D fue de 2.2 mientras que para el herbicida Prosulfuron fue de 7.53 siendo este el valor más elevado, con base a los resultados se indica que las poblaciones son resistentes a ambos herbicidas. | ||
| 650 | 4 |
_aMalas hierbas _xResistencia a herbicidas _970035 |
|
| 650 | 4 |
_aHerbicidas _xAnálisis _9132171 |
|
| 700 | 0 |
_aTafoya Razo, José Antonio _epresidente _9111341 |
|
| 700 | 1 |
_aCarrillo Fonseca, Calixto Leopoldo _919482 _esecretario |
|
| 700 | 1 |
_aSantillán Ortega, Candelario _9102429 _evocal |
|
| 700 | 1 |
_aOrrantia Orrantia, Manuel _983750 _esuplente |
|
| 700 | 1 |
_aMorales Galván, Oscar _978271 _esuplente |
|
| 856 |
_uhttp://10.13.5.2/tesis/tl/1712062-4_Peerez_Ramirez_Mireya.pdf _zDESCARGAR PDF |
||
| 942 |
_2Clasificación Universidad Autónoma Chapingo _cTD |
||
| 999 |
_c220136 _d220136 |
||